| 000 | 003630000a22001570004500 | ||
|---|---|---|---|
| 001 | 003098 | ||
| 003 | MACL | ||
| 040 | _aMACL | ||
| 090 |
_c15091 _d15090 |
||
| 100 | _aDixit, J.N. | ||
| 245 |
_aIndian Foreign Policy And Its Neighbours _cJ.N. Dixit |
||
| 260 |
_aGyan Publishing House, _c2001 |
||
| 350 | _a540 | ||
| 650 | _aPolitical Science | ||
| 942 |
_k327 _cBook |
||
| 999 |
_c15004 _d15004 |
||